000 00629 a2200205 4500
999 _c4261
_d4261
010 _aENG-86226
020 _a9788120330463
_c375.00
035 _aEN-69759
037 _bDBAD / PUB
082 1 4 _a658.40355
100 _aHanke, John E.
245 1 _aBusiness forecasting /
_cby John E.Hanke and Dean W.Wichern
250 _a8th ed.
260 _aNew Delhi
_bPrentice-Hall of India
_c2006
270 _aM-97, Connaught Circus
_bNew Delhi
_cNew Delhi
_e110 001
300 _axv, 535p.
_c24cm. (Pbk)
_eCD-ROM
500 _aIncludes index
700 _aWichern, Dean W.
942 _adpl
_cEN
_2ddc
_h658.40355
_mHAN